00505nam a2200181 a 4500001001300000003000900013005001700022008004100039020002300080082001800103100001600121245004100137260005000178300001000228500003500238505003300273650001700306nice12345678IN_TiNIC20260116013122.0050524s1985 mana grp 000 0 eng  a0719053 c8.500a297.0960bPEE aPeel, J D Y aPopular Islamb South of the Sahara. aManchesterbManchester University Pressc1985 a464p. aincludes index and biblioraphy2 aSelected Bibliography, Index aIslam-Africa